| 000 | 00992cab a2200277 4500 | ||
|---|---|---|---|
| 001 | WB2915-42 | ||
| 008 | 090401t1993 xxu||||| |||| 00| 0 eng d | ||
| 035 | _a(Sirsi) u6074 | ||
| 041 | _aeng | ||
| 245 | _aCommercial property leases | ||
| 260 | _c1993 | ||
| 350 | _a0 | ||
| 490 |
_aDoE News Release _v(245) 31 March 1993 |
||
| 490 |
_aLord Chancellor`s Department Press Release _v(73/93) 31 March 1993 (2) |
||
| 520 | _aLegislation to implement the Law Commission recommendations on privity of contract will not be retrospective. Consultation papers will be published on three other matters; upwards-only rent reviews, confidentiality clauses, dispute resolution procedures. | ||
| 650 | _aCONFIDENTIALITY CLAUSES | ||
| 650 | _aLEASES | ||
| 650 | _aPRIVITY OF CONTRACT | ||
| 650 | _aREFORM | ||
| 650 | _aRENT REVIEWS | ||
| 650 | _aUPWARD ONLY RENT REVIEWS | ||
| 690 |
_aLandlord and tenant _96252 |
||
| 690 | _aPROPERTY LAW AND PRACTICE | ||
| 942 | _n0 | ||
| 948 | _c04/03/1997 | ||
| 999 |
_c3643 _d3643 |
||